| 000 | 00476 a2200169 4500 | ||
|---|---|---|---|
| 003 | OSt | ||
| 005 | 20231218133749.0 | ||
| 008 | 231218b |||||||| |||| 00| 0 eng d | ||
| 020 | _a9789350008218 | ||
| 040 | _coclc | ||
| 082 |
_a891.43371 _bSAN/J |
||
| 100 |
_aSanjeev _910166 |
||
| 245 |
_aJHOOTHI HAI TETRI DADI / _cSanjeev |
||
| 260 |
_aNew Delhi: _bVani Prakashan, _c2012. |
||
| 300 | _a99p | ||
| 942 |
_2ddc _cBK _h891.43371 _iSAN/J _k891.43371 _mSAN/J |
||
| 999 |
_c43467 _d43467 |
||